Elementos básicos de matemáticas con herramientas interactivas / (Registro nro. 104772)

Detalles MARC
000 -LEADER
campo de control de longitud fija 04791nam a2200481 i 4500
001 - NÚMERO DE CONTROL
campo de control 104772
003 - IDENTIFICADOR DE NÚMERO DE CONTROL
campo de control FINmELB
005 - FECHA Y HORA DE LA ÚLTIMA TRANSACCIÓN
campo de control 20241217173541.0
006 - CÓDIGOS DE INFORMACIÓN DE LONGITUD FIJA--CARACTERÍSTICAS DEL MATERIAL ADICIONAL
campo de control de longitud fija m o d |
007 - CAMPO FIJO DE DESCRIPCIÓN FÍSICA--INFORMACIÓN GENERAL
campo de control de longitud fija cr cnu||||||||
008 - DATOS DE LONGITUD FIJA--INFORMACIÓN GENERAL
campo de control de longitud fija 210622s2018 sp ob 000 0 spa d
020 ## - NÚMERO INTERNACIONAL ESTÁNDAR DEL LIBRO
Número Internacional Estándar del Libro 9789588943398
Información calificativa (e-book)
035 ## - NÚMERO DE CONTROL DEL SISTEMA
Número de control de sistema (OCoLC)1261028231
040 ## - FUENTE DE CATALOGACIÓN
Centro catalogador/agencia de origen FINmELB
Lengua de catalogación spa
Normas de descripción rda
Centro/agencia transcriptor FINmELB
050 #4 - SIGNATURA TOPOGRÁFICA DE LA BIBLIOTECA DEL CONGRESO
Número de clasificación QA9
Número de ítem .G757 2018
080 ## - NÚMERO DE LA CLASIFICACIÓN DECIMAL UNIVERSAL
Número de la Clasificación Decimal Universal 51:681.516.52
082 04 - NÚMERO DE LA CLASIFICACIÓN DECIMAL DEWEY
Número de clasificación 511.3
Información de edición 23
100 1# - ENTRADA PRINCIPAL--NOMBRE DE PERSONA
Nombre de persona Grisales Aguire, Andrés Mauricio,
Término indicativo de función/relación autor.
245 10 - MENCIÓN DEL TÍTULO
Título Elementos básicos de matemáticas con herramientas interactivas /
Mención de responsabilidad, etc. Andrés Mauricio Grisales Aguire.
264 #1 - PRODUCCIÓN, PUBLICACIÓN, DISTRIBUCIÓN, FABRICACIÓN Y COPYRIGHT
Producción, publicación, distribución, fabricación y copyright Medellín :
Nombre del de productor, editor, distribuidor, fabricante Universidad Católica Luis Amigó,
Fecha de producción, publicación, distribución, fabricación o copyright 2018.
300 ## - DESCRIPCIÓN FÍSICA
Extensión 1 recurso en línea (199 páginas)
336 ## - TIPO DE CONTENIDO
Término de tipo de contenido texto
Código de tipo de contenido txt
Fuente rdacontent/spa
337 ## - TIPO DE MEDIO
Nombre/término del tipo de medio computadora
Código del tipo de medio c
Fuente rdamedia/spa
338 ## - TIPO DE SOPORTE
Nombre/término del tipo de soporte recurso en línea
Código del tipo de soporte cr
Fuente rdacarrier/spa
504 ## - NOTA DE BIBLIOGRAFÍA, ETC.
Nota de bibliografía, etc. Nota Incluye referencias.
505 0# - NOTA DE CONTENIDO CON FORMATO
Nota de contenido con formato PÁGINA LEGAL -- ÍNDICE GENERAL -- INTRODUCCIÓN -- 1. TEORÍA DE CONJUNTOS -- 1.1 DEFINICIONES INICIALES -- 1.2 RELACIONES ENTRE CONJUNTOS -- 1.3 OPERACIONES ENTRE CONJUNTOS -- 1.4 DIAGRAMAS DE VENN EULER -- 1.5 APLICACIONES DE LOS CONJUNTOS EN LA SOLUCIÓN DE (...) -- 1.6 EJERCICIOS DE PRÁCTICA I -- 1.7 MATEMÁTICAS EN LA WEB -- 2. CONJUNTOS NUMÉRICOS -- 2.1 NÚMEROS NATURALES -- 2.2 LOS NÚMEROS ENTEROS -- 2.3 LOS NÚMEROS RACIONALES -- 2.4 LOS NÚMEROS IRRACIONALES -- 2.5 SUMA Y RESTA DE NÚMEROS REALES -- 2.6 MULTIPLICACIÓN Y DIVISIÓN DE NÚMEROS REALES -- 2.7 PROPIEDADES DE LAS OPERACIONES CON NÚMEROS (...) -- 2.8 POTENCIACIÓN DE NÚMEROS REALES -- 2.9 LOGARITMACIÓN -- 2.10 EJERCICIOS DE PRÁCTICA II -- 2.11 MATEMÁTICAS Y TIC -- 3. OPERACIONES CON EXPRESIONES ALGEBRAICAS -- 3.1 CLASIFICACIÓN DE EXPRESIONES ALGEBRAICAS -- 3.2 TÉRMINOS SEMEJANTES Y REDUCCIÓN DE TÉRMINOS (...) -- 3.3 SUMA DE POLINOMIOS -- 3.4 RESTA DE POLINOMIOS -- 3.5 MULTIPLICACIÓN DE EXPRESIONES ALGEBRAICAS -- 3.6 DIVISIÓN DE POLINOMIOS -- 3.7 EJERCICIOS DE PRÁCTICA III -- 3.8 MATEMÁTICAS Y TIC -- 4. FACTORIZACIÓN DE EXPRESIONES ALGEBRAICAS -- 4.1 FACTOR COMÚN EN EXPRESIONES ALGEBRAICAS -- 4.2 FACTORIZACIÓN DE BINOMIOS -- 4.3 FACTORIZACIÓN DE TRINOMIOS -- 4.4 FACTORIZACIÓN DE POLINOMIOS -- 4.5 FACTORIZACIÓN COMPLETA -- 4.6 EJERCICIOS DE PRÁCTICA IV -- 4.7 MATEMÁTICAS Y TIC -- 5. FRACCIONES ALGEBRAICAS -- 5.1 SUMA Y RESTA DE FRACCIONES ALGEBRAICAS -- 5.2 MULTIPLICACIÓN DE FRACCIONES ALGEBRAICAS -- 5.3 DIVISIÓN DE FRACCIONES -- 5.4 RACIONALIZACIÓN DE FRACCIONES -- 5.5 EJERCICIOS DE PRÁCTICA V -- 5.6 MATEMÁTICAS EN LA WEB -- 6. ECUACIONES LINEALES -- 6.1 PROBLEMAS DE APLICACIÓN -- 6.2 EJERCICIOS DE PRÁCTICA VI -- 6.3 MATEMÁTICAS Y TIC -- 7. SISTEMAS DE ECUACIONES LINEALES -- 7.1 MÉTODO DE SOLUCIÓN POR SUMA O RESTA -- 7.2 MÉTODO DE SUSTITUCIÓN -- 7.3 MÉTODO DE IGUALACIÓN -- 7.4 EJERCICIOS DE PRÁCTICA VII -- 7.5 MATEMÁTICAS Y TIC -- 8. ECUACIONES DE SEGUNDO GRADO -- 8.1 MÉTODO DE FACTORIZACIÓN -- 8.2 MÉTODO DE LA FÓRMULA GENERAL -- 8.3 MÉTODO DE COMPLETACIÓN AL CUADRADO -- 8.4 EJERCICIOS DE PRÁCTICA VIII -- 8.5 MATEMÁTICAS EN LA WEB -- 9. DESIGUALDADES EN LOS NÚMEROS REALES -- 9.1 RELACIÓN DE ORDEN EN LOS REALES -- 9.2 PROPIEDADES DE LAS DESIGUALDADES -- 9.3 INTERVALOS DE NÚMEROS REALES -- 9.4 EJERCICIOS DE PRÁCTICA IX -- 9.5 MATEMÁTICAS EN LA WEB -- 10. REPRESENTACIONES GRÁFICAS EN EL PLANO CARTESIANO -- 10.1 DISTANCIA ENTRE DOS PUNTOS -- 10.2 GRÁFICA DE ECUACIONES -- 10.3 LÍNEAS RECTAS -- 10.4 ECUACIÓN DE LA RECTA: FORMA PUNTO PENDIENTE -- 10.5 ECUACIÓN DE LA RECTA: PENDIENTE ORDENADA EN EL (...) -- 10.6 ECUACIONES DE LA PARÁBOLA -- 10.7 ECUACIONES DE LA CIRCUNFERENCIA -- 10.8 ECUACIONES DE LA ELIPSE -- 10.9 ECUACIONES DE LA HIPÉRBOLA -- 10.10 EJERCICIOS DE PRÁCTICA X -- 10.11 MATEMÁTICAS Y TIC -- REFERENCIAS -- APÉNDICE I: DESCARGA E INSTALACIÓN DE GEOGEBRA -- APÉNDICE II: DESCARGA E INSTALACION DE MICROSOFT (...) -- INFORMACIÓN DEL AUTOR.
588 ## - NOTA DE FUENTE DE LA DESCRIPCIÓN
Nota de fuente de la descripción Descripción basada en metadatos suministrados por el editor y otras fuentes.
590 ## - NOTA LOCAL (RLIN)
Nota local Recurso electrónico. Santa Fe, Arg.: elibro, 2021. Disponible vía World Wide Web. El acceso puede estar limitado para las bibliotecas afiliadas a elibro.
650 #4 - PUNTO DE ACCESO ADICIONAL DE MATERIA--TÉRMINO DE MATERIA
Término de materia o nombre geográfico como elemento de entrada Álgebra.
650 #0 - PUNTO DE ACCESO ADICIONAL DE MATERIA--TÉRMINO DE MATERIA
Término de materia o nombre geográfico como elemento de entrada Mathematics.
650 #0 - PUNTO DE ACCESO ADICIONAL DE MATERIA--TÉRMINO DE MATERIA
Término de materia o nombre geográfico como elemento de entrada Mathematics
Subdivisión general Software.
650 #0 - PUNTO DE ACCESO ADICIONAL DE MATERIA--TÉRMINO DE MATERIA
Término de materia o nombre geográfico como elemento de entrada Logic, Symbolic and mathematical.
650 #0 - PUNTO DE ACCESO ADICIONAL DE MATERIA--TÉRMINO DE MATERIA
Término de materia o nombre geográfico como elemento de entrada Algebra.
650 #4 - PUNTO DE ACCESO ADICIONAL DE MATERIA--TÉRMINO DE MATERIA
Término de materia o nombre geográfico como elemento de entrada Matemática
Subdivisión general Software.
650 #4 - PUNTO DE ACCESO ADICIONAL DE MATERIA--TÉRMINO DE MATERIA
Término de materia o nombre geográfico como elemento de entrada Matemática
Subdivisión de forma Publicaciones.
650 #4 - PUNTO DE ACCESO ADICIONAL DE MATERIA--TÉRMINO DE MATERIA
Término de materia o nombre geográfico como elemento de entrada Lógica matemática.
655 #4 - TERMINO DE INDIZACIÓN--GENERO/FORMA
Datos o término principal de género/forma Libros electrónicos.
797 2# - PUNTO DE ACCESO ADICIONAL LOCAL--NOMBRE DE ENTIDAD CORPORATIVA (RLIN)
Nombre de entidad corporativa o nombre de jurisdicción como elemento de entrada elibro, Corp.
856 40 - LOCALIZACIÓN Y ACCESO ELECTRÓNICOS
Identificador Uniforme de Recurso <a href="https://elibro.net/ereader/politecnicointernacional/126352">https://elibro.net/ereader/politecnicointernacional/126352</a>

No hay ítems disponibles.


Politécnico Internacional

Institución de Educación Superior
Vigilado Mineducación.
SNES 4727 +4135 DEL 11 de nov. de 2004

Sedes

Sede Norte - Av. Boyacá 138 - 70

Sede Sur - Autopista Sur No 67 - 71

Sede Av Chile - Calle 73 Nº 10-45

Información Legal

Derechos Pecuniarios | Habeas Data | Reglamento Biblioteca


Compartir

YouTube | Twitter | Facebook | LinkedIn


Comunícate con nosotros:

Admisiones: 60-1-7950000
Atención al cliente: 60-1-4005700